| 000 | 01158cam a2200301 a 4500 | ||
|---|---|---|---|
| 999 |
_c14319 _d14319 |
||
| 001 | 2123490 | ||
| 003 | OSt | ||
| 005 | 20200611122019.0 | ||
| 008 | 970211s1997 cau b 001 0 eng | ||
| 010 | _a 97006369 | ||
| 020 | _a1857881753 | ||
| 020 | _a9781857881752 | ||
| 040 |
_aDLC _coclc _dDLC |
||
| 050 | 0 | 0 |
_aHD2741 _b.P58 1997 |
| 082 | 0 | 0 |
_a658.4 _221 _bPLE/S |
| 100 |
_aPlender, John _92784 |
||
| 245 | 1 | 2 |
_aA stake in the future : _bthe stakeholding solution / _cJohn Plender. |
| 260 |
_aSonoma, CA : _bNicholas Brealey Pub., _c1997. |
||
| 300 |
_aviii, 280 p. ; _c24 cm. |
||
| 504 | _aIncludes bibliographical references and index. | ||
| 650 | 0 | _aIndustrial management. | |
| 650 | 0 | _aOrganizational behavior. | |
| 650 | 0 |
_aIndustries _xSocial aspects. |
|
| 650 | 0 | _aBusiness planning. | |
| 906 |
_a7 _bcbc _corignew _d1 _eocip _f19 _gy-gencatlg |
||
| 942 |
_2ddc _cBK _h658.4 _iPLE/S _k658.4 _mPLE/S |
||